<?xml version="1.0" encoding="UTF-8"?>
<record
    xmlns:xsi="http://www.w3.org/2001/XMLSchema-instance"
    xsi:schemaLocation="http://www.loc.gov/MARC21/slim http://www.loc.gov/standards/marcxml/schema/MARC21slim.xsd"
    xmlns="http://www.loc.gov/MARC21/slim">

  <leader>00874cam a2200241 i 4500</leader>
  <controlfield tag="001">000014045</controlfield>
  <controlfield tag="005">20200929163441.0</controlfield>
  <controlfield tag="008">800410s1978    ec af         000 1 spa  </controlfield>
  <datafield tag="010" ind1=" " ind2=" ">
    <subfield code="a">80106486</subfield>
  </datafield>
  <datafield tag="040" ind1=" " ind2=" ">
    <subfield code="a">DO-SdBNP</subfield>
    <subfield code="c">DLC</subfield>
    <subfield code="d">DLC</subfield>
  </datafield>
  <datafield tag="050" ind1="0" ind2="0">
    <subfield code="a">PQ8213</subfield>
    <subfield code="b">.R6</subfield>
  </datafield>
  <datafield tag="100" ind1="1" ind2=" ">
    <subfield code="a">Rodriguez, Marco Antonio,</subfield>
    <subfield code="d">1941-</subfield>
    <subfield code="9">22723</subfield>
  </datafield>
  <datafield tag="245" ind1="1" ind2="0">
    <subfield code="a">Relato /</subfield>
    <subfield code="c">Marco Antonio Rodriguez. Poesia / Euler Granda ; [fotografia y produccion musical, Jorge Aravena].</subfield>
  </datafield>
  <datafield tag="250" ind1=" " ind2=" ">
    <subfield code="a">1. ed.</subfield>
  </datafield>
  <datafield tag="260" ind1=" " ind2=" ">
    <subfield code="a">Quito :</subfield>
    <subfield code="b">[s.n.],</subfield>
    <subfield code="c">1978.</subfield>
  </datafield>
  <datafield tag="300" ind1=" " ind2=" ">
    <subfield code="a">194 p., [15] leaves of plates :</subfield>
    <subfield code="b">ill. ;</subfield>
    <subfield code="c">21 cm. &amp; disc (45 rpm. stereo. 7 in.).</subfield>
  </datafield>
  <datafield tag="440" ind1=" " ind2="0">
    <subfield code="a">Coleccion Musica, palabra e imagen del Ecuador</subfield>
    <subfield code="9">31814</subfield>
  </datafield>
  <datafield tag="650" ind1=" " ind2="0">
    <subfield code="a">Ecuadorian literature</subfield>
    <subfield code="y">20th century.</subfield>
    <subfield code="9">31815</subfield>
  </datafield>
  <datafield tag="700" ind1="1" ind2="2">
    <subfield code="a">Granda, Euler,</subfield>
    <subfield code="t">Poesia. 1978.</subfield>
    <subfield code="9">31816</subfield>
  </datafield>
  <datafield tag="700" ind1="1" ind2=" ">
    <subfield code="a">Aravena, Jorge.</subfield>
    <subfield code="9">31817</subfield>
  </datafield>
  <datafield tag="910" ind1=" " ind2=" ">
    <subfield code="a">Catalogaci&#xF3;n por copia / LC</subfield>
  </datafield>
  <datafield tag="082" ind1="0" ind2="0">
    <subfield code="a">860</subfield>
  </datafield>
  <datafield tag="952" ind1=" " ind2=" ">
    <subfield code="0">0</subfield>
    <subfield code="1">0</subfield>
    <subfield code="5">2</subfield>
    <subfield code="7">0</subfield>
    <subfield code="8">MO</subfield>
    <subfield code="a">GR</subfield>
    <subfield code="b">GR</subfield>
    <subfield code="c">CT</subfield>
    <subfield code="d">2009-12-02</subfield>
    <subfield code="i">LF1</subfield>
    <subfield code="l">0</subfield>
    <subfield code="o">860 </subfield>
    <subfield code="p">14045-10</subfield>
    <subfield code="r">2020-06-25</subfield>
    <subfield code="w">2020-06-25</subfield>
    <subfield code="y">2</subfield>
    <subfield code="Z">Pr&#xE9;stamo interno</subfield>
  </datafield>
  <datafield tag="999" ind1=" " ind2=" ">
    <subfield code="c">13647</subfield>
    <subfield code="d">13647</subfield>
  </datafield>
</record>
